000 00291nam a22001337a 4500
008 260311b ||||| |||| 00| 0 eng d
020 _a18009794
041 _aeng
080 _a2.1
100 _a20.1
101 _arev
245 _aQendra Kërkimore Zhvillimore - Peja
942 _2udc
_cBK
999 _c60885
_d60885